| 000 | 00430cam a2200169ua 4500 | ||
|---|---|---|---|
| 020 | _c10.50 | ||
| 041 |
_aeng _h |
||
| 082 |
_a941 _bKRI/EN |
||
| 100 | _aKripal singh, Narang . | ||
| 245 |
_aHelp to the study of English History / _cKripal singh Narang. _hTextual Documents |
||
| 260 |
_aDelhi : _bMalhotra Brothers , _c1964. |
||
| 300 | _a398 ; . | ||
| 365 | _a10.50 | ||
| 504 | _a | ||
| 942 | _cBK | ||
| 999 |
_c739 _d739 |
||